In vino veritas

Salvato in:
Dettagli Bibliografici
Natura: Libro
Lingua:spagnolo
Pubblicazione: Madrid Guadarrama 1976
Serie:Ediciones de bolsillo. Sección filosofía, 428
Soggetti:
Tags: Aggiungi Tag
Nessun Tag, puoi essere il primo ad aggiungerne!!

MARC

LEADER 00000nam a2200000 a 4500
001 UCZ1973
003 CL-VaPUC
008 950915e19760000SP |||||||||||||||||spa|d
082 0 4 |a 142.7  |b KIE  |2 21 
245 1 0 |a In vino veritas 
246 1 3 |a La repetición 
300 |a 286 p 
942 |c BK 
945 |d 19950915 00:00:00  |a cmena 
260 |a Madrid  |b Guadarrama  |c 1976 
650 0 |a Existencialismo  |9 265698 
650 0 |a Filosofía danesa  |9 266957 
650 7 |a FILOSOFIA SIGLO 19  |2 CL-VaPUC  |9 315034 
583 |a last modification  |c 19950915 00:00:00  |k Rodrigo Vera 
490 0 |a Ediciones de bolsillo. Sección filosofía, 428 
999 |c 238640  |d 238638 
952 |0 0  |1 0  |4 0  |6 142_700000000000000_KIE_1976  |7 0  |8 P  |9 248974  |a BIBEDU  |b BIBEDU  |c BIBEDU_PB  |d 2019-11-18  |i 1562630  |o 142.7 KIE 1976  |p 1562630  |r 2024-01-25  |w 2019-11-18  |y BK  |k FIL